Adresár vysokých škôl v Slovenskej republike

Saved in:
Bibliographic Details
Format: Book
Language:Slovak
Published: Bratislava : SAIA-SCTS, 1997
Subjects:
Tags: Add Tag
No Tags, Be the first to tag this record!

MARC

LEADER 00000nam a22000003a 4500
001 stu74385
005 20150408161826.6
008 020227s1997----xo------------------slo-d
040 |a STU  |b slo 
041 0 |a slo 
044 |a xo 
080 |a 378(437.6)(058) 
245 |a Adresár vysokých škôl v Slovenskej republike 
260 |a Bratislava :  |b SAIA-SCTS,  |c 1997 
300 |a 210 s 
650 7 |a Školy vysoké slovenské  |2 stusub 
996 |b 284M034897  |c M*9981-1  |l MMKN  |s A  |a 24  |w stu74385_0001 
996 |b 284V034225  |c V*8765/K-1876  |l VVT  |s A  |a 24  |w stu74385_0002 
996 |b 284V031744  |c V*8766/K-1876a  |l VVT  |s A  |a 24  |w stu74385_0003